<?xml version="1.0" encoding="UTF-8"?>
<record
    xmlns:xsi="http://www.w3.org/2001/XMLSchema-instance"
    xsi:schemaLocation="http://www.loc.gov/MARC21/slim http://www.loc.gov/standards/marcxml/schema/MARC21slim.xsd"
    xmlns="http://www.loc.gov/MARC21/slim">

  <leader>02896    a2200241   4500</leader>
  <controlfield tag="001">39880</controlfield>
  <controlfield tag="005">20260407155655.0</controlfield>
  <controlfield tag="008">260407a1992    arg                 spa d</controlfield>
  <controlfield tag="003">AR-UNSa-BCEJYS</controlfield>
  <datafield tag="040" ind1=" " ind2=" ">
    <subfield code="a">AR-UNSa-BCEJYS</subfield>
    <subfield code="b">spa</subfield>
    <subfield code="c">AR-UNSa-BCEJYS</subfield>
  </datafield>
  <datafield tag="080" ind1=" " ind2=" ">
    <subfield code="a">657(083)</subfield>
    <subfield code="x">Resoluciones T&#xE9;cnicas Contables. Informes</subfield>
  </datafield>
  <datafield tag="245" ind1="1" ind2="0">
    <subfield code="a">Resolucion t&#xE9;cnica N&#xBA; 10</subfield>
    <subfield code="p">normativa, fundamentos y aplicaci&#xF3;n del modelo de valuaci&#xF3;n. 62 casos pr&#xE1;cticos</subfield>
  </datafield>
  <datafield tag="020" ind1=" " ind2=" ">
    <subfield code="a">950-99231-7-6</subfield>
  </datafield>
  <datafield tag="250" ind1=" " ind2=" ">
    <subfield code="a">2a. ed.</subfield>
  </datafield>
  <datafield tag="264" ind1=" " ind2="1">
    <subfield code="a">Buenos Aires :</subfield>
    <subfield code="b">Reisa</subfield>
    <subfield code="c">1992</subfield>
  </datafield>
  <datafield tag="300" ind1=" " ind2=" ">
    <subfield code="a">386 p.</subfield>
    <subfield code="c">22 cm.</subfield>
  </datafield>
  <datafield tag="505" ind1=" " ind2=" ">
    <subfield code="a">1. Aspectos introductorios - 2. Requisitos generales de la informaci&#xF3;n contable - 3. Aspectos relevantes y enfoque de estudio - 4. Enfoque diacronico: Determinantes en la evoluci&#xF3;n de la normativa contable - 5. Enfoque sincr&#xF3;nico: Esquema general de valuaci&#xF3;n y determinaci&#xF3;n de resultados (Modelo de la R.T.N&#xBA; 10) - 6. Aspectos complementarios - 7. Caja y bancos, colocaciones de fondos, pr&#xE9;stamos, cr&#xE9;ditos y pasivos que correspondan a operaciones liquidables en moneda argentina, sin cl&#xE1;usula de ajuste o indexaci&#xF3;n - 8. Caja y bancos, colocaciones de fondos, pr&#xE9;stamos, cr&#xE9;ditos y pasivos liquidables en moneda extranjera - 9. Colocaciones de fondos pr&#xE9;stamos, cr&#xE9;ditos y pasivos sujetos a ajuste o indexaci&#xF3;n - 10. Pr&#xE9;stamos, cr&#xE9;ditos y pasivos no cancelables en moneda (derechos u obligaciones a recibir o entregar bienes y servicios) - 11. Bienes de cambio en general - 12. Bienes de cambio fungibles, con mercado transparente y que puedan ser comercializados sin esfuerzo significativo de venta - 13. Bienes de cambio producidos o construidos con un proceso de producci&#xF3;n o construcci&#xF3;n que se prolongue en el tiempo - 14. Inversiones corrientes con cotizaci&#xF3;n en bolsas o mercados de valores - 15. Participaciones permanentes en sociedades controladas - 16. Participaciones permanentes en sociedades vinculadas en las que se ejerza influencia significativa en las decisiones - 17. Participaciones permanentes en sociedades en las que no se ejerza influencia significativa - 18. Inversiones no corrientes en t&#xED;tulos p&#xFA;blicos con cotizaci&#xF3;n en bolsas o mercados de valores - 19. Bienes de uso e inversiones en bienes de naturaleza similar a la de aquellos - 20. Intangibles susceptibles de enajenaci&#xF3;n individual - 21. Otros activos intangibles - 22. Activaci&#xF3;n de costos financieros y consideraci&#xF3;n del inter&#xE9;s del capital propio invertido - 23. Modificaciones al mecanismo de reexpresi&#xF3;n de la R.T. N&#xBA; 6 partidas del estado de resultados originadas en operaciones de intercambio - 24. Registro del cargo por impuesto en base al m&#xE9;todo de lo diferido</subfield>
  </datafield>
  <datafield tag="041" ind1=" " ind2=" ">
    <subfield code="a">spa</subfield>
  </datafield>
  <datafield tag="942" ind1=" " ind2=" ">
    <subfield code="c">BK</subfield>
  </datafield>
  <datafield tag="590" ind1=" " ind2=" ">
    <subfield code="a">niveau_biblio:m niveau_hierar:0</subfield>
  </datafield>
  <datafield tag="100" ind1="1" ind2=" ">
    <subfield code="a">Senderovich, Pablo David</subfield>
  </datafield>
  <datafield tag="856" ind1="4" ind2="1">
    <subfield code="u">https://biblioeco.unsa.edu.ar/pmb/images/libros/L69518.jpg</subfield>
    <subfield code="y">Imagen de portada</subfield>
    <subfield code="q">image/jpeg</subfield>
  </datafield>
  <datafield tag="999" ind1=" " ind2=" ">
    <subfield code="c">3118</subfield>
    <subfield code="d">3118</subfield>
  </datafield>
  <datafield tag="952" ind1=" " ind2=" ">
    <subfield code="0">0</subfield>
    <subfield code="1">0</subfield>
    <subfield code="4">0</subfield>
    <subfield code="7">0</subfield>
    <subfield code="a">BCEJYS</subfield>
    <subfield code="b">BCEJYS</subfield>
    <subfield code="c">16</subfield>
    <subfield code="d">2026-04-07</subfield>
    <subfield code="l">0</subfield>
    <subfield code="o">657(083) S474 Res10 2ed.</subfield>
    <subfield code="p">L69519</subfield>
    <subfield code="r">2026-04-07 15:56:55</subfield>
    <subfield code="w">2026-04-07</subfield>
    <subfield code="y">L</subfield>
  </datafield>
  <datafield tag="952" ind1=" " ind2=" ">
    <subfield code="0">0</subfield>
    <subfield code="1">0</subfield>
    <subfield code="4">0</subfield>
    <subfield code="7">0</subfield>
    <subfield code="a">BCEJYS</subfield>
    <subfield code="b">BCEJYS</subfield>
    <subfield code="c">16</subfield>
    <subfield code="d">2026-04-07</subfield>
    <subfield code="l">0</subfield>
    <subfield code="o">657(083) S474 Res10 2ed.</subfield>
    <subfield code="p">L69518</subfield>
    <subfield code="r">2026-04-07 15:56:55</subfield>
    <subfield code="w">2026-04-07</subfield>
    <subfield code="y">L</subfield>
  </datafield>
  <datafield tag="952" ind1=" " ind2=" ">
    <subfield code="0">0</subfield>
    <subfield code="1">0</subfield>
    <subfield code="4">0</subfield>
    <subfield code="7">0</subfield>
    <subfield code="a">BCEJYS</subfield>
    <subfield code="b">BCEJYS</subfield>
    <subfield code="c">16</subfield>
    <subfield code="d">2026-04-07</subfield>
    <subfield code="l">0</subfield>
    <subfield code="o">657(083) S474 Res10 2ed.</subfield>
    <subfield code="p">L69521</subfield>
    <subfield code="r">2026-04-07 15:56:55</subfield>
    <subfield code="w">2026-04-07</subfield>
    <subfield code="y">L</subfield>
  </datafield>
  <datafield tag="952" ind1=" " ind2=" ">
    <subfield code="0">0</subfield>
    <subfield code="1">0</subfield>
    <subfield code="4">0</subfield>
    <subfield code="7">0</subfield>
    <subfield code="a">BCEJYS</subfield>
    <subfield code="b">BCEJYS</subfield>
    <subfield code="c">16</subfield>
    <subfield code="d">2026-04-07</subfield>
    <subfield code="l">0</subfield>
    <subfield code="o">657(083) S474 Res10 2ed.</subfield>
    <subfield code="p">L69520</subfield>
    <subfield code="r">2026-04-07 15:56:55</subfield>
    <subfield code="w">2026-04-07</subfield>
    <subfield code="y">L</subfield>
  </datafield>
  <datafield tag="952" ind1=" " ind2=" ">
    <subfield code="0">0</subfield>
    <subfield code="1">0</subfield>
    <subfield code="4">0</subfield>
    <subfield code="7">0</subfield>
    <subfield code="a">BCEJYS</subfield>
    <subfield code="b">BCEJYS</subfield>
    <subfield code="c">16</subfield>
    <subfield code="d">2026-04-07</subfield>
    <subfield code="l">0</subfield>
    <subfield code="o">657(083) S474 Res10 2ed.</subfield>
    <subfield code="p">L69517</subfield>
    <subfield code="r">2026-04-07 15:56:55</subfield>
    <subfield code="w">2026-04-07</subfield>
    <subfield code="y">L</subfield>
  </datafield>
  <datafield tag="952" ind1=" " ind2=" ">
    <subfield code="0">0</subfield>
    <subfield code="1">0</subfield>
    <subfield code="4">0</subfield>
    <subfield code="7">0</subfield>
    <subfield code="a">BCEJYS</subfield>
    <subfield code="b">BCEJYS</subfield>
    <subfield code="c">16</subfield>
    <subfield code="d">2026-04-07</subfield>
    <subfield code="l">0</subfield>
    <subfield code="o">657(083) S474 Res10 2ed.</subfield>
    <subfield code="p">L58842</subfield>
    <subfield code="r">2026-04-07 15:56:55</subfield>
    <subfield code="w">2026-04-07</subfield>
    <subfield code="y">L</subfield>
  </datafield>
  <datafield tag="952" ind1=" " ind2=" ">
    <subfield code="0">0</subfield>
    <subfield code="1">0</subfield>
    <subfield code="4">0</subfield>
    <subfield code="7">0</subfield>
    <subfield code="a">BCEJYS</subfield>
    <subfield code="b">BCEJYS</subfield>
    <subfield code="c">16</subfield>
    <subfield code="d">2026-04-07</subfield>
    <subfield code="l">0</subfield>
    <subfield code="o">657(083) S474 Res10 2ed.</subfield>
    <subfield code="p">L58843</subfield>
    <subfield code="r">2026-04-07 15:56:55</subfield>
    <subfield code="w">2026-04-07</subfield>
    <subfield code="y">L</subfield>
  </datafield>
</record>
